000 00309 a2200133 4500
000 nam a22 7a 4500
100 _aA.K Sharma
110 _aA.K Sharma
245 _aNanomaterials and nanostructures
250 _alatest edition
260 _bOxford
_c2023
264 _bOxford
_c2023
942 _cBK
999 _c396392
_d396392